000 01233nam0a22003011 4500
001 v19\rc\1464312
005 20260406085827.0
035 _a(NLR Aleph) 004601528
090 _a2792326
_c2792326
100 _a20060620e18751875|||y0rusy50 ca
101 0 _arus
102 _aRU
105 _ay z |||||
200 1 _aО жертвенных приношениях чуваш
_e(Материалы для этнографии)
_e[Краткое содержание сообщения Магницкого]
210 _aКазань
_cГуб. тип.
_d1875
215 _a9 с.
_d23
309 _aБез тит. л. и обл.
311 _aОтт. из газ. "Казан. губ. вед." 1875, № 90
488 0 _12001#$aКазанские губернские ведомости$v1875, № 90
_tКазанские губернские ведомости
702 1 _4570
_7ca
_8rus
_aМагницкий
_bВ. К.
_f1839-1901
_gВасилий Константинович
_3RU\NLR\AUTH\770280414
_92652381
801 0 _aRU
_bNLR
_gpsbo
801 0 _aRU
_bRuMoRGB
_2psbo
801 1 _aRU
_bProSoft-M
_2rusmarc
852 _aNLR
_j18.99.7.107
899 _aRuMoRGB
_jS 44/1205
899 _aRuMoRGB
_jS 44/1432
942 _cBOOK
980 _aNB